| 000 | 00453nam a2200145 a 4500 | ||
|---|---|---|---|
| 001 | 3380 | ||
| 003 | CDMR | ||
| 005 | 20130116135243.0 | ||
| 008 | 130130s2008||||||||||||||||||||||||||||d | ||
| 040 |
_aCDMR _bcat _cCPC GIRONA |
||
| 100 | 1 |
_aTrepat, Eduard _92438 |
|
| 245 | 1 | 0 |
_aRuralitat i immigració _bLa integració de les persones immigrades en el món rural català _cTrepat, Eduard , Vilaseca, Anna |
| 260 |
_c2008 _bFundació del Món Rural |
||
| 942 | _cMON | ||
| 999 |
_c3380 _d3380 |
||